Introduction to the theory of statistics (Record no. 549)

000 -LEADER
fixed length control field 00418 a2200121 4500
020 ## - INTERNATIONAL STANDARD BOOK NUMBER
International Standard Book Number 0070428646
082 ## - DEWEY DECIMAL CLASSIFICATION NUMBER
Classification number 519.5 MOO
100 ## - MAIN ENTRY--PERSONAL NAME
Personal name Mood, Alexander McFarlane,
245 ## - TITLE STATEMENT
Title Introduction to the theory of statistics
Statement of responsibility, etc. Alexander M. Mood, Franklin A. Graybill [and] Duane C. Boes.
250 ## - EDITION STATEMENT
Edition statement 3d ed.
260 ## - PUBLICATION, DISTRIBUTION, ETC.
Place of publication, distribution, etc. Islamabad,
Name of publisher, distributor, etc. National Book Foundation,
Date of publication, distribution, etc. [1973, c1974]
300 ## - PHYSICAL DESCRIPTION
Extent xvi, 564 p.
Other physical details illus.
Dimensions 24 cm.
650 ## - SUBJECT ADDED ENTRY--TOPICAL TERM
Topical term or geographic name entry element Mathematical statistics.
Holdings
Withdrawn status Lost status Damaged status Not for loan Permanent Location Current Location Shelving location Date acquired Total Checkouts Full call number Barcode Date last seen Price effective from Koha item type
        School of Civil and Environmental Engineering (SCEE) School of Civil and Environmental Engineering (SCEE)       519.5 MOO NIT-2747 01/05/2017 01/05/2017 Book
        School of Civil and Environmental Engineering (SCEE) School of Civil and Environmental Engineering (SCEE)         NIT-2746 01/05/2017 01/05/2017 Book
© 2023 Central Library, National University of Sciences and Technology. All Rights Reserved.